Atlético Madrid Players Since 2014 - Statistics

General Stats
  • This quiz has been taken 64 times
  • The average score is 173 of 283
Answer Stats
% Correct
2023/24 (La Liga - 4th) Slovenia GK 30 Jan Oblak 54
96%
2022/23 (La Liga - 3rd) Slovenia GK 29 Jan Oblak 38
96%
2021/22 (La Liga - 3rd) Slovenia GK 28 Jan Oblak 51
96%
2020/21 (La Liga - 1st) Slovenia GK 27 Jan Oblak 46
96%
2019/20 (La Liga - 3rd) Slovenia GK 26 Jan Oblak 49
96%
2018/19 (La Liga - 2nd) Slovenia GK 25 Jan Oblak 46
96%
2017/18 (La Liga - 2nd) Slovenia GK 24 Jan Oblak 49
96%
2016/17 (La Liga - 3rd) Slovenia GK 23 Jan Oblak 41
96%
2015/16 (La Liga - 3rd) Slovenia GK 22 Jan Oblak 51
96%
2014/15 (La Liga - 3rd) Slovenia GK 21 Jan Oblak 21
96%
2023/24 (La Liga - 4th) France ST 32 Antoine Griezmann 48 24
94%
2022/23 (La Liga - 3rd) France ST 31 Antoine Griezmann 48 16
94%
2021/22 (La Liga - 3rd) France ST 30 Antoine Griezmann 36 8
94%
2018/19 (La Liga - 2nd) France ST 27 Antoine Griezmann 48 21
94%
2017/18 (La Liga - 2nd) France ST 26 Antoine Griezmann 49 29
94%
2016/17 (La Liga - 3rd) France ST 25 Antoine Griezmann 53 26
94%
2015/16 (La Liga - 3rd) France ST 24 Antoine Griezmann 54 32
94%
2014/15 (La Liga - 3rd) France ST 23 Antoine Griezmann 53 25
94%
2023/24 (La Liga - 4th) Spain ST 30 Álvaro Morata 48 21
92%
2022/23 (La Liga - 3rd) Spain ST 29 Álvaro Morata 45 15
92%
2019/20 (La Liga - 3rd) Spain ST 26 Álvaro Morata 44 16
92%
2018/19 (La Liga - 2nd) Spain ST 25 Álvaro Morata 17 6
92%
2023/24 (La Liga - 4th) Belgium DM 34 Axel Witsel 51 2
92%
2022/23 (La Liga - 3rd) Belgium DM 33 Axel Witsel 43
92%
2023/24 (La Liga - 4th) Spain CM 31 Koke 50
92%
2022/23 (La Liga - 3rd) Spain CM 30 Koke 42
92%
2021/22 (La Liga - 3rd) Spain CM 29 Koke 43 1
92%
2020/21 (La Liga - 1st) Spain CM 28 Koke 45 1
92%
2019/20 (La Liga - 3rd) Spain CM 27 Koke 42 5
92%
2018/19 (La Liga - 2nd) Spain CM 26 Koke 41 6
92%
2017/18 (La Liga - 2nd) Spain CM 25 Koke 51 6
92%
2016/17 (La Liga - 3rd) Spain CM 24 Koke 54 5
92%
2015/16 (La Liga - 3rd) Spain CM 23 Koke 51 5
92%
2014/15 (La Liga - 3rd) Spain CM 22 Koke 49 4
92%
2023/24 (La Liga - 4th) Argentina CM 29 Rodrigo De Paul 48 4
92%
2022/23 (La Liga - 3rd) Argentina CM 28 Rodrigo De Paul 38 3
92%
2021/22 (La Liga - 3rd) Argentina CM 27 Rodrigo De Paul 48 4
92%
2018/19 (La Liga - 2nd) Uruguay CB 32 Diego Godín 39 4
90%
2017/18 (La Liga - 2nd) Uruguay CB 31 Diego Godín 45 1
90%
2016/17 (La Liga - 3rd) Uruguay CB 30 Diego Godín 47 3
90%
2015/16 (La Liga - 3rd) Uruguay CB 29 Diego Godín 46 1
90%
2014/15 (La Liga - 3rd) Uruguay CB 28 Diego Godín 48 4
90%
2023/24 (La Liga - 4th) Uruguay CB 28 José María Giménez 33
88%
2022/23 (La Liga - 3rd) Uruguay CB 27 José María Giménez 36 2
88%
2021/22 (La Liga - 3rd) Uruguay CB 26 José María Giménez 33 1
88%
2020/21 (La Liga - 1st) Uruguay CB 25 José María Giménez 26 1
88%
2019/20 (La Liga - 3rd) Uruguay CB 24 José María Giménez 27
88%
2018/19 (La Liga - 2nd) Uruguay CB 23 José María Giménez 29 2
88%
2017/18 (La Liga - 2nd) Uruguay CB 22 José María Giménez 38 2
88%
2016/17 (La Liga - 3rd) Uruguay CB 21 José María Giménez 29 1
88%
2015/16 (La Liga - 3rd) Uruguay CB 20 José María Giménez 37 1
88%
2014/15 (La Liga - 3rd) Uruguay CB 19 José María Giménez 28 2
88%
2023/24 (La Liga - 4th) Montenegro CB 32 Stefan Savić 33
88%
2022/23 (La Liga - 3rd) Montenegro CB 31 Stefan Savić 29
88%
2021/22 (La Liga - 3rd) Montenegro CB 30 Stefan Savić 33
88%
2020/21 (La Liga - 1st) Montenegro CB 29 Stefan Savić 42 1
88%
2019/20 (La Liga - 3rd) Montenegro CB 28 Stefan Savić 28 1
88%
2018/19 (La Liga - 2nd) Montenegro CB 27 Stefan Savić 22
88%
2017/18 (La Liga - 2nd) Montenegro CB 26 Stefan Savić 37
88%
2016/17 (La Liga - 3rd) Montenegro CB 25 Stefan Savić 49 1
88%
2015/16 (La Liga - 3rd) Montenegro CB 24 Stefan Savić 24
88%
2018/19 (La Liga - 2nd) Brazil LB 32 Filipe Luís 32 2
86%
2017/18 (La Liga - 2nd) Brazil LB 31 Filipe Luís 28 1
86%
2016/17 (La Liga - 3rd) Brazil LB 30 Filipe Luís 48 3
86%
2015/16 (La Liga - 3rd) Brazil LB 29 Filipe Luís 45 1
86%
2021/22 (La Liga - 3rd) Uruguay ST 34 Luis Suárez 45 13
86%
2020/21 (La Liga - 1st) Uruguay ST 33 Luis Suárez 38 21
86%
2023/24 (La Liga - 4th) Belgium LW 29 Yannick Carrasco 3
86%
2022/23 (La Liga - 3rd) Belgium LW 28 Yannick Carrasco 44 10
86%
2021/22 (La Liga - 3rd) Belgium LW 27 Yannick Carrasco 44 6
86%
2020/21 (La Liga - 1st) Belgium LW 26 Yannick Carrasco 35 7
86%
2019/20 (La Liga - 3rd) Belgium LW 25 Yannick Carrasco 16 1
86%
2017/18 (La Liga - 2nd) Belgium LW 23 Yannick Carrasco 28 4
86%
2016/17 (La Liga - 3rd) Belgium LW 22 Yannick Carrasco 53 14
86%
2015/16 (La Liga - 3rd) Belgium LW 21 Yannick Carrasco 43 5
86%
2022/23 (La Liga - 3rd) Portugal SS 22 João Félix 20 5
84%
2021/22 (La Liga - 3rd) Portugal SS 21 João Félix 35 10
84%
2020/21 (La Liga - 1st) Portugal SS 20 João Félix 40 10
84%
2019/20 (La Liga - 3rd) Portugal SS 19 João Félix 36 9
84%
2014/15 (La Liga - 3rd) Spain DM 27 Matías Suárez 35 2
84%
2021/22 (La Liga - 3rd) England RB 30 Kieran Trippier 18
82%
2020/21 (La Liga - 1st) England RB 29 Kieran Trippier 35
82%
2019/20 (La Liga - 3rd) England RB 28 Kieran Trippier 33
82%
2023/24 (La Liga - 4th) Spain CM 28 Saúl Ñíguez 49 2
82%
2022/23 (La Liga - 3rd) Spain CM 27 Saúl Ñíguez 38 3
82%
2021/22 (La Liga - 3rd) Spain CM 26 Saúl Ñíguez 3
82%
2020/21 (La Liga - 1st) Spain CM 25 Saúl Ñíguez 41 2
82%
2019/20 (La Liga - 3rd) Spain CM 24 Saúl Ñíguez 47 7
82%
2018/19 (La Liga - 2nd) Spain CM 23 Saúl Ñíguez 45 6
82%
2017/18 (La Liga - 2nd) Spain CM 22 Saúl Ñíguez 56 6
82%
2016/17 (La Liga - 3rd) Spain CM 21 Saúl Ñíguez 53 9
82%
2015/16 (La Liga - 3rd) Spain CM 20 Saúl Ñíguez 48 9
82%
2014/15 (La Liga - 3rd) Spain CM 19 Saúl Ñíguez 35 4
82%
2023/24 (La Liga - 4th) Spain RM 28 Marcos Llorente 52 6
80%
2022/23 (La Liga - 3rd) Spain RM 27 Marcos Llorente 29 3
80%
2021/22 (La Liga - 3rd) Spain RM 26 Marcos Llorente 40
80%
2020/21 (La Liga - 1st) Spain RM 25 Marcos Llorente 45 13
80%
2019/20 (La Liga - 3rd) Spain RM 24 Marcos Llorente 36 5
80%
2023/24 (La Liga - 4th) France AM 27 Thomas Lemar 3
80%
2022/23 (La Liga - 3rd) France AM 26 Thomas Lemar 32 1
80%
2021/22 (La Liga - 3rd) France AM 25 Thomas Lemar 35 4
80%
2020/21 (La Liga - 1st) France AM 24 Thomas Lemar 36 2
80%
2019/20 (La Liga - 3rd) France AM 23 Thomas Lemar 29
80%
2018/19 (La Liga - 2nd) France AM 22 Thomas Lemar 43 3
80%
2023/24 (La Liga - 4th) Argentina RW 28 Ángel Correa 47 11
78%
2022/23 (La Liga - 3rd) Argentina RW 27 Ángel Correa 45 10
78%
2021/22 (La Liga - 3rd) Argentina RW 26 Ángel Correa 49 13
78%
2020/21 (La Liga - 1st) Argentina RW 25 Ángel Correa 48 9
78%
2019/20 (La Liga - 3rd) Argentina RW 24 Ángel Correa 44 7
78%
2018/19 (La Liga - 2nd) Argentina RW 23 Ángel Correa 49 5
78%
2017/18 (La Liga - 2nd) Argentina RW 22 Ángel Correa 56 9
78%
2016/17 (La Liga - 3rd) Argentina RW 21 Ángel Correa 47 8
78%
2015/16 (La Liga - 3rd) Argentina RW 20 Ángel Correa 36 8
78%
2018/19 (La Liga - 2nd) Spain RB 33 Juanfran 30
78%
2017/18 (La Liga - 2nd) Spain RB 32 Juanfran 30
78%
2016/17 (La Liga - 3rd) Spain RB 31 Juanfran 36 2
78%
2015/16 (La Liga - 3rd) Spain RB 30 Juanfran 48 1
78%
2014/15 (La Liga - 3rd) Spain RB 29 Juanfran 50
78%
2023/24 (La Liga - 4th) Netherlands ST 29 Memphis Depay 31 9
78%
2022/23 (La Liga - 3rd) Netherlands ST 28 Memphis Depay 9 4
78%
2020/21 (La Liga - 1st) Ghana DM 27 Thomas Partey 3
76%
2019/20 (La Liga - 3rd) Ghana DM 26 Thomas Partey 46 4
76%
2018/19 (La Liga - 2nd) Ghana DM 25 Thomas Partey 42 3
76%
2017/18 (La Liga - 2nd) Ghana DM 24 Thomas Partey 50 5
76%
2016/17 (La Liga - 3rd) Ghana DM 23 Thomas Partey 24 1
76%
2015/16 (La Liga - 3rd) Ghana DM 22 Thomas Partey 23 3
76%
2017/18 (La Liga - 2nd) Spain ST 33 Fernando Torres 45 10
73%
2016/17 (La Liga - 3rd) Spain ST 32 Fernando Torres 45 10
73%
2015/16 (La Liga - 3rd) Spain ST 31 Fernando Torres 44 12
73%
2014/15 (La Liga - 3rd) Spain ST 30 Fernando Torres 26 6
73%
2022/23 (La Liga - 3rd) Central African Republic DM 29 Geoffrey Kondogbia 27
73%
2021/22 (La Liga - 3rd) Central African Republic DM 28 Geoffrey Kondogbia 39 1
73%
2020/21 (La Liga - 1st) Central African Republic DM 27 Geoffrey Kondogbia 27
73%
2023/24 (La Liga - 4th) Argentina RB 25 Nahuel Molina 46 2
73%
2022/23 (La Liga - 3rd) Argentina RB 24 Nahuel Molina 43 4
73%
2014/15 (La Liga - 3rd) Turkey LW 27 Arda Turan 46 3
71%
2020/21 (La Liga - 1st) Spain ST 31 Diego Costa 7 2
71%
2019/20 (La Liga - 3rd) Spain ST 30 Diego Costa 30 5
71%
2018/19 (La Liga - 2nd) Spain ST 29 Diego Costa 21 5
71%
2017/18 (La Liga - 2nd) Spain ST 28 Diego Costa 23 7
71%
2014/15 (La Liga - 3rd) Croatia ST 28 Mario Mandžukić 43 20
71%
2015/16 (La Liga - 3rd) Spain CM 20 Óliver Torres 33 1
71%
2017/18 (La Liga - 2nd) Spain CM 33 Gabi 50 1
69%
2016/17 (La Liga - 3rd) Spain CM 32 Gabi 50
69%
2015/16 (La Liga - 3rd) Spain CM 31 Gabi 52 1
69%
2014/15 (La Liga - 3rd) Spain CM 30 Gabi 48 1
69%
2018/19 (La Liga - 2nd) Spain DM 22 Rodri 47 3
67%
2018/19 (La Liga - 2nd) France LB 22 Lucas Hernandez 22 1
65%
2017/18 (La Liga - 2nd) France LB 21 Lucas Hernandez 44
65%
2016/17 (La Liga - 3rd) France LB 20 Lucas Hernandez 24
65%
2015/16 (La Liga - 3rd) France LB 19 Lucas Hernandez 16
65%
2014/15 (La Liga - 3rd) France LB 18 Lucas Hernandez 4
65%
2023/24 (La Liga - 4th) Spain CB 28 Mario Hermoso 45 2
65%
2022/23 (La Liga - 3rd) Spain CB 27 Mario Hermoso 34 4
65%
2021/22 (La Liga - 3rd) Spain CB 26 Mario Hermoso 34 2
65%
2020/21 (La Liga - 1st) Spain CB 25 Mario Hermoso 38 2
65%
2019/20 (La Liga - 3rd) Spain CB 24 Mario Hermoso 23
65%
2021/22 (La Liga - 3rd) Mexico CM 31 Héctor Herrera 27
63%
2020/21 (La Liga - 1st) Mexico CM 30 Héctor Herrera 21
63%
2019/20 (La Liga - 3rd) Mexico CM 29 Héctor Herrera 30 1
63%
2023/24 (La Liga - 4th) Mozambique LB 29 Reinildo Mandava 19 2
63%
2022/23 (La Liga - 3rd) Mozambique LB 28 Reinildo Mandava 33
63%
2021/22 (La Liga - 3rd) Mozambique LB 27 Reinildo Mandava 21
63%
2021/22 (La Liga - 3rd) Brazil LB 23 Renan Lodi 42 4
63%
2020/21 (La Liga - 1st) Brazil LB 22 Renan Lodi 33 1
63%
2019/20 (La Liga - 3rd) Brazil LB 21 Renan Lodi 43 1
63%
2021/22 (La Liga - 3rd) Croatia RB 29 Šime Vrsaljko 29 1
63%
2020/21 (La Liga - 1st) Croatia RB 28 Šime Vrsaljko 10 1
63%
2019/20 (La Liga - 3rd) Croatia RB 27 Šime Vrsaljko 7
63%
2017/18 (La Liga - 2nd) Croatia RB 25 Šime Vrsaljko 29
63%
2016/17 (La Liga - 3rd) Croatia RB 24 Šime Vrsaljko 25 1
63%
2017/18 (La Liga - 2nd) France ST 30 Kevin Gameiro 36 11
61%
2016/17 (La Liga - 3rd) France ST 29 Kevin Gameiro 46 16
61%
2023/24 (La Liga - 4th) Brazil LW 23 Samuel Lino 46 8
61%
2022/23 (La Liga - 3rd) Brazil CB 33 Felipe Monteiro 4
59%
2021/22 (La Liga - 3rd) Brazil CB 32 Felipe Monteiro 35 2
59%
2020/21 (La Liga - 1st) Brazil CB 31 Felipe Monteiro 38
59%
2019/20 (La Liga - 3rd) Brazil CB 30 Felipe Monteiro 36 2
59%
2014/15 (La Liga - 3rd) Spain ST 18 Héctor Hernández 1
59%
2015/16 (La Liga - 3rd) Colombia ST 28 Jackson Martínez 22 3
59%
2023/24 (La Liga - 4th) Spain LW 23 Rodrigo Riquelme 47 4
59%
2019/20 (La Liga - 3rd) Spain LW 19 Rodrigo Riquelme 2
59%
2023/24 (La Liga - 4th) Spain CM 20 Pablo Barrios 35 1
55%
2022/23 (La Liga - 3rd) Spain CM 19 Pablo Barrios 26 2
55%
2015/16 (La Liga - 3rd) Spain AM 28 Raúl García 1
55%
2014/15 (La Liga - 3rd) Spain AM 27 Raúl García 47 10
55%
2019/20 (La Liga - 3rd) Colombia RB 27 Santiago Arias 18
55%
2018/19 (La Liga - 2nd) Colombia RB 26 Santiago Arias 33 1
55%
2016/17 (La Liga - 3rd) Portugal CM 35 Tiago Mendes 15 1
55%
2015/16 (La Liga - 3rd) Portugal CM 34 Tiago Mendes 19 1
55%
2014/15 (La Liga - 3rd) Portugal CM 33 Tiago Mendes 37 5
55%
2022/23 (La Liga - 3rd) Spain LW 20 Carlos Martín 4
53%
2021/22 (La Liga - 3rd) Spain LW 19 Carlos Martín 2
53%
2020/21 (La Liga - 1st) Uruguay DM 24 Lucas Torreira 26 1
53%
2022/23 (La Liga - 3rd) Brazil ST 23 Matheus Cunha 17
51%
2021/22 (La Liga - 3rd) Brazil ST 22 Matheus Cunha 37 7
51%
2023/24 (La Liga - 4th) Spain RB 33 César Azpilicueta 34
49%
2021/22 (La Liga - 3rd) Argentina RW 18 Giuliano Simeone 1
49%
2014/15 (La Liga - 3rd) Brazil CB 29 Miranda 36 3
49%
2023/24 (La Liga - 4th) Turkey CB 27 Çağlar Söyüncü 9
47%
2017/18 (La Liga - 2nd) Argentina CM 31 Augusto Fernández 10
45%
2016/17 (La Liga - 3rd) Argentina CM 30 Augusto Fernández 3
45%
2015/16 (La Liga - 3rd) Argentina CM 29 Augusto Fernández 21
45%
2020/21 (La Liga - 1st) Spain LW 30 Vitolo 15
45%
2019/20 (La Liga - 3rd) Spain LW 29 Vitolo 35 3
45%
2018/19 (La Liga - 2nd) Spain LW 28 Vitolo 28 1
45%
2017/18 (La Liga - 2nd) Spain LW 27 Vitolo 23 3
45%
2014/15 (La Liga - 3rd) Uruguay LM 28 Cristian Rodríguez 11 1
43%
2022/23 (La Liga - 3rd) Ireland RB 30 Matt Doherty 2
43%
2018/19 (La Liga - 2nd) Croatia ST 30 Nikola Kalinić 24 4
43%
2014/15 (La Liga - 3rd) Mexico ST 23 Raúl Jiménez 28 1
43%
2017/18 (La Liga - 2nd) Spain GK 33 Miguel Ángel Moyá 7
41%
2016/17 (La Liga - 3rd) Spain GK 32 Miguel Ángel Moyá 18
41%
2015/16 (La Liga - 3rd) Spain GK 31 Miguel Ángel Moyá 6
41%
2014/15 (La Liga - 3rd) Spain GK 30 Miguel Ángel Moyá 36
41%
2019/20 (La Liga - 3rd) Spain CM 21 Toni Moya 1
41%
2018/19 (La Liga - 2nd) Spain CM 20 Toni Moya 2
41%
2017/18 (La Liga - 2nd) Spain CM 19 Toni Moya 2
41%
2023/24 (La Liga - 4th) Spain LB 28 Javi Galán 9
39%
2017/18 (La Liga - 2nd) Argentina AM 29 Nicolás Gaitán 13
35%
2016/17 (La Liga - 3rd) Argentina AM 28 Nicolás Gaitán 36 4
35%
2016/17 (La Liga - 3rd) Italy RW 28 Alessio Cerci 2
33%
2014/15 (La Liga - 3rd) Italy RW 26 Alessio Cerci 9 1
33%
2021/22 (La Liga - 3rd) Denmark CM 32 Daniel Wass 1
33%
2018/19 (La Liga - 2nd) Portugal RW 23 Gelson Martins 12 1
33%
2022/23 (La Liga - 3rd) Croatia GK 26 Ivo Grbić 13
33%
2020/21 (La Liga - 1st) Croatia GK 24 Ivo Grbić 1
33%
2023/24 (La Liga - 4th) Belgium DM 18 Arthur Vermeeren 5
31%
2015/16 (La Liga - 3rd) Brazil LB 29 Guilherme Siqueira 7
31%
2014/15 (La Liga - 3rd) Brazil LB 28 Guilherme Siqueira 37 1
31%
2017/18 (La Liga - 2nd) Argentina ST 23 Luciano Vietto 10
31%
2015/16 (La Liga - 3rd) Argentina ST 21 Luciano Vietto 28 3
31%
2020/21 (La Liga - 1st) France ST 23 Moussa Dembélé 7
31%
2020/21 (La Liga - 1st) Spain LB 19 Manu Sánchez 1
29%
2019/20 (La Liga - 3rd) Spain LB 18 Manu Sánchez 6
29%
2015/16 (La Liga - 3rd) Argentina DM 22 Matías Kranevitter 11
27%
2022/23 (La Liga - 3rd) Spain LB 25 Sergio Reguilón 12
27%
2023/24 (La Liga - 4th) Greece CB 20 Ilias Kostis 1
24%
2020/21 (La Liga - 1st) Spain RB 20 Ricard Sánchez 3 1
24%
2019/20 (La Liga - 3rd) Spain GK 32 Antonio Adán 2
22%
2018/19 (La Liga - 2nd) Spain GK 31 Antonio Adán 5
22%
2020/21 (La Liga - 1st) Serbia ST 22 Ivan Šaponjić 2
22%
2019/20 (La Liga - 3rd) Serbia ST 21 Ivan Šaponjić 3
22%
2017/18 (La Liga - 2nd) Spain LB 22 Sergi González 3
22%
2014/15 (La Liga - 3rd) Argentina LB 27 Cristian Ansaldi 11
18%
2022/23 (La Liga - 3rd) Spain GK 19 Antonio Gomis 1
16%
2017/18 (La Liga - 2nd) Argentina GK 21 Axel Werner 3
16%
2023/24 (La Liga - 4th) Brazil CB 32 Gabriel Paulista 5
16%
2015/16 (La Liga - 3rd) Spain RB 30 Jesús Gámez 16
16%
2014/15 (La Liga - 3rd) Spain RB 29 Jesús Gámez 21
16%
2014/15 (La Liga - 3rd) Spain LW 32 Cani 6
14%
2014/15 (La Liga - 3rd) Spain LB 21 Iván Pérez 1
14%
2020/21 (La Liga - 1st) Spain ST 19 Sergio Camello 2
14%
2019/20 (La Liga - 3rd) Spain ST 18 Sergio Camello 3
14%
2018/19 (La Liga - 2nd) Spain ST 17 Sergio Camello 1 1
14%
2018/19 (La Liga - 2nd) Spain LW 17 Víctor Mollejo 4
12%
2022/23 (La Liga - 3rd) Spain CM 20 Alberto Moreno 1
10%
2018/19 (La Liga - 2nd) Spain ST 18 Borja Garcés 1 1
10%
2018/19 (La Liga - 2nd) Spain CB 19 Javi Montero 14
10%
2016/17 (La Liga - 3rd) Spain RW 19 Juan Moreno 1
10%
2020/21 (La Liga - 1st) Spain GK 22 Miguel San Román 1
8%
2023/24 (La Liga - 4th) Morocco LW 19 Salim El Jebari 1
8%
2014/15 (La Liga - 3rd) Spain CM 19 Carlos Ramos 1
6%
2021/22 (La Liga - 3rd) Spain CM 18 Javi Serrano 7
6%
2017/18 (La Liga - 2nd) Albania CM 19 Keidi Bare 1
6%
2016/17 (La Liga - 3rd) Albania CM 18 Keidi Bare 1
6%
2016/17 (La Liga - 3rd) Spain ST 20 Roberto Núñez 1 1
6%
2020/21 (La Liga - 1st) Uruguay LB 20 Juan Manuel Sanabria 1
4%
2015/16 (La Liga - 3rd) Spain CB 21 Nacho Monsalve 1
4%
2014/15 (La Liga - 3rd) Guinea LW 19 Sekou Keita 1
4%
2023/24 (La Liga - 4th) Morocco ST 19 Abde Raihani 1
2%
2018/19 (La Liga - 2nd) Colombia RB 20 Andrés Solano 1
2%
2017/18 (La Liga - 2nd) Senegal RW 22 Arona Sané 1
2%
2016/17 (La Liga - 3rd) Brazil LB 18 Caio Henrique 1
2%
2018/19 (La Liga - 2nd) Spain RB 20 Carlos Isaac 1
2%
2017/18 (La Liga - 2nd) Spain RB 19 Carlos Isaac 1
2%
2019/20 (La Liga - 3rd) Spain ST 22 Darío Poveda 1
2%
2018/19 (La Liga - 2nd) Spain RW 19 Joaquín Muñoz 1
2%
2020/21 (La Liga - 1st) Spain AM 18 Mario Soriano 1
2%
2016/17 (La Liga - 3rd) Spain CM 20 Roberto Olabe 1
2%
2017/18 (La Liga - 2nd) Spain CB 20 Antonio Montoro 1
0%
2019/20 (La Liga - 3rd) Spain RW 17 Germán Valera 1
0%
2019/20 (La Liga - 3rd) Spain CM 20 Óscar Clemente 1
0%
No matching quizzes found
Score Distribution
Percent of People with Each Score
Percentile by Number Answered
Your Score History
You have not taken this quiz